000 00252nam a22000977a 4500
020 _a9789945649550
100 1 _aMora, Jenif fer
_987607
245 0 3 _aEl Método cuentas claras
264 _aSanto Domingo :
_bPrintbarato,
_c2024.
300 _a186 páginas ;
999 _c58874
_d58874